000 00317nam a22001337a 4500
008 180907b xxu||||| |||| 00| 0 eng d
020 _a9780786865222
041 _aeng
080 _a321
100 _a21
101 _aPOL
245 _aBetrayal The Colapse Public Health Of Trust
_cGarret.L
942 _2udc
_cBK
999 _c47609
_d47609